Kraje z największą liczbą samochodów - Statystyki

Ogólne statystyki
  • Ten quiz został rozwiązany 345 razy
  • Średni wynik to 8 z 10
Statystyki odpowiedzi
Odpowiedź % Poprawnych
5 Niemcy
97%
3 USA
96%
2 Chiny
95%
8 Francja
91%
1 Japonia
91%
6 Indie
84%
9 Brazylia
81%
10 Hiszpania
75%
4 Meksyk
69%
7 Korea południowa
65%
Nie znaleziono quizów pasujących do podanych kryteriów
Rozkład punktacji
Procent ludzi z każdym wynikiem
Percentyl według liczby udzielonych odpowiedzi
Twoja historia wyników
Nie rozwiązałeś tego quizu